000 01856nam a2200337 a 4500
001 BRCA_5299
005 20190320205025.0
008 021210m16141619mx-######v---#000-0#spa-#
041 _aspa
044 _amx
084 _aDOC148
_b.F47
_c1614
100 1 _aFernandez de Cordova, Diego
_cMarques de Guadalcazar
_d1578-1614
_913586
245 1 0 _aDocumento firmado por el virrey Don Diego Fernandez de Cordova
_cDiego Fernandez de Cordova ... [et. al.].
260 _aMéxico
_c1614-1619
300 _a[40] fojas
_c31 x 22 cm.
500 _aDocumento que consta de dos legajos (numero 13 y 26).
500 _aTexto tomado de la primera foja: ´Merced original del Señor Virrey Don Diego Fernandez de Cordova, Marques de Guadalcazar hecha a Juan Gutiérrez de Medina de tres sitios de estancia para ganado menor a la jurisdicción de la villa de Valles, en la parte y lugar que llaman Salto del agua. Declaración del citado Medina de que otra Merced pertenecía a Juan Caballero. Y así mismo posesión que a nombre de este dio el teniente de aquella jurisdicción a Francisco Guerrero´.
500 _aPapel con marca de agua.
500 _aEstado de conservación: contiene manchas de acidez causada por la tinta y márgenes deteriorados.
506 0 _aFondo Reservado. Para su consulta es necesario credencial de usuario y carta de motivos.
546 _aTexto en: español de principios del siglo XVII.
600 1 4 _aFernandez de Cordova, Diego
_cMarques de Guadalcazar
_d1578-1630
_xHistoria
_913587
650 1 4 _aDocumentos legales
_vManuscritos
_xHistoria
_912814
651 4 _aMéxico
_xHistoria
_yColonia, 1521-1821
_912461
700 1 _aGutierrez de Medina, Juan
_913588
700 1 _aCaballero, Juan
_913589
700 1 _aGuerrero, Francisco
_913590
700 1 _aHernandez de Tabora, Antonio
_913591
902 _aFDH
942 _2lcc
_cD
999 _c4993
_d4993